[Event "1SM"]
[Site "Sharjah Chess Club"]
[Date "2017.03.29"]
[Round "7.2"]
[White "Mareco, Sandro"]
[Black "Kravtsiv, Martyn"]
[Result "1/2-1/2"]
[BlackElo "2641"]
[WhiteElo "2664"]
[LiveChessVersion "1.4.8"]

1. e4 {[%clk 1:40:27]} e5 {[%clk 1:40:13]} 2. Nf3 {[%clk 1:40:54]} Nc6
{[%clk 1:40:34]} 3. Bc4 {[%clk 1:41:20]} Nf6 {[%clk 1:40:10]} 4. d3
{[%clk 1:41:43]} Bc5 {[%clk 1:39:53]} 5. O-O {[%clk 1:42:02]} O-O
{[%clk 1:39:40]} 6. h3 {[%clk 1:42:28]} h6 {[%clk 1:36:41]} 7. c3
{[%clk 1:42:02]} d6 {[%clk 1:36:15]} 8. Re1 {[%clk 1:42:19]} a6 {[%clk 1:35:25]}
9. a4 {[%clk 1:42:31]} Ba7 {[%clk 1:34:21]} 10. Nbd2 {[%clk 1:40:58]} Ne7
{[%clk 1:34:21]} 11. Nf1 {[%clk 1:41:01]} Ng6 {[%clk 1:30:57]} 12. Ng3
{[%clk 1:41:16]} c6 {[%clk 1:30:25]} 13. Bb3 {[%clk 1:29:44]} d5 {[%clk 1:26:41]}
14. exd5 {[%clk 1:15:12]} Nxd5 {[%clk 1:26:34]} 15. d4 {[%clk 1:15:24]} exd4
{[%clk 1:25:12]} 16. Nxd4 {[%clk 1:14:30]} Re8 {[%clk 1:17:58]} 17. Rxe8+
{[%clk 1:12:13]} Qxe8 {[%clk 1:16:47]} 18. Bxd5 {[%clk 1:12:33]} cxd5
{[%clk 1:17:11]} 19. Be3 {[%clk 1:12:58]} Bb8 {[%clk 1:14:14]} 20. Qd2
{[%clk 1:07:59]} Bxg3 {[%clk 1:11:27]} 21. fxg3 {[%clk 1:08:21]} Qe5
{[%clk 1:11:44]} 22. Bf2 {[%clk 0:59:31]} Bd7 {[%clk 1:05:58]} 23. Nb3
{[%clk 0:47:10]} Qg5 {[%clk 0:58:11]} 24. Qxg5 {[%clk 0:39:17]} hxg5
{[%clk 0:58:22]} 25. Nc5 {[%clk 0:36:24]} Bc6 {[%clk 0:58:22]} 26. b4
{[%clk 0:36:48]} Ne5 {[%clk 0:50:42]} 27. Re1 {[%clk 0:29:51]} Nd7
{[%clk 0:48:40]} 28. Nxd7 {[%clk 0:29:46]} 1/2-1/2

[Event "1SM"]
[Site "Sharjah Chess Club"]
[Date "2017.03.29"]
[Round "7.3"]
[White "Fressinet, Laurent"]
[Black "Sethuraman, S.P."]
[Result "1/2-1/2"]
[BlackElo "2629"]
[WhiteElo "2662"]
[LiveChessVersion "1.4.8"]

1. e4 {[%clk 1:40:26]} d6 {[%clk 1:40:14]} 2. d4 {[%clk 1:40:46]} Nf6
{[%clk 1:40:37]} 3. Nc3 {[%clk 1:41:11]} g6 {[%clk 1:41:02]} 4. Be3
{[%clk 1:40:42]} Bg7 {[%clk 1:41:25]} 5. h3 {[%clk 1:32:57]} O-O {[%clk 1:39:56]}
6. Nf3 {[%clk 1:24:15]} a6 {[%clk 1:39:30]} 7. Bd3 {[%clk 1:23:28]} b5
{[%clk 1:39:26]} 8. e5 {[%clk 1:20:31]} dxe5 {[%clk 1:32:58]} 9. dxe5
{[%clk 1:16:21]} Nd5 {[%clk 1:33:16]} 10. Bd2 {[%clk 1:12:20]} Bb7
{[%clk 1:29:22]} 11. Ne4 {[%clk 0:48:07]} Nd7 {[%clk 1:26:14]} 12. e6
{[%clk 0:46:57]} f5 {[%clk 1:22:18]} 13. exd7 {[%clk 0:45:23]} fxe4
{[%clk 1:21:25]} 14. Bxe4 {[%clk 0:45:50]} Bxb2 {[%clk 1:07:33]} 15. O-O
{[%clk 0:44:42]} Bxa1 {[%clk 1:04:47]} 16. Qxa1 {[%clk 0:42:40]} Qxd7
{[%clk 1:05:08]} 17. Bh6 {[%clk 0:41:59]} Rf6 {[%clk 1:04:56]} 18. Rd1
{[%clk 0:41:56]} Rd8 {[%clk 0:47:10]} 19. Ne5 {[%clk 0:30:28]} Qe6
{[%clk 0:46:23]} 20. Re1 {[%clk 0:28:05]} Qd6 {[%clk 0:23:49]} 21. Ng4
{[%clk 0:25:54]} Bc6 {[%clk 0:19:45]} 22. Rd1 {[%clk 0:14:33]} Qe6
{[%clk 0:08:21]} 23. Re1 {[%clk 0:08:59]} Qd6 {[%clk 0:08:47]} 24. Rd1
{[%clk 0:05:55]} Qe6 {[%clk 0:09:10]} 25. Re1 {[%clk 0:05:02]} Qd6
{[%clk 0:09:36]} 1/2-1/2

[Event "1SM"]
[Site "Sharjah Chess Club"]
[Date "2017.03.29"]
[Round "7.4"]
[White "Gledura, Benjamin"]
[Black "Amin, Bassem"]
[Result "1/2-1/2"]
[BlackElo "2660"]
[WhiteElo "2588"]
[LiveChessVersion "1.4.8"]

1. e4 {[%clk 1:40:27]} e5 {[%clk 1:38:56]} 2. Nf3 {[%clk 1:40:42]} Nc6
{[%clk 1:39:23]} 3. Bc4 {[%clk 1:41:04]} Nf6 {[%clk 1:39:24]} 4. d3
{[%clk 1:41:00]} Be7 {[%clk 1:34:41]} 5. O-O {[%clk 1:40:39]} O-O
{[%clk 1:35:05]} 6. Nc3 {[%clk 1:40:46]} d6 {[%clk 1:35:19]} 7. a3
{[%clk 1:40:49]} Kh8 {[%clk 1:29:04]} 8. b4 {[%clk 1:23:37]} Ng8 {[%clk 1:23:35]}
9. b5 {[%clk 1:19:30]} Na5 {[%clk 1:21:51]} 10. Ba2 {[%clk 1:19:12]} f5
{[%clk 1:21:19]} 11. Bd2 {[%clk 1:09:05]} c6 {[%clk 1:17:48]} 12. a4
{[%clk 1:06:30]} a6 {[%clk 1:13:01]} 13. bxc6 {[%clk 1:03:18]} bxc6
{[%clk 1:12:08]} 14. d4 {[%clk 0:55:49]} fxe4 {[%clk 1:04:57]} 15. Nxe4
{[%clk 0:56:00]} Bg4 {[%clk 1:02:51]} 16. Qe1 {[%clk 0:39:10]} Nb7
{[%clk 1:02:49]} 17. Neg5 {[%clk 0:39:08]} exd4 {[%clk 0:57:29]} 18. Qe4
{[%clk 0:29:33]} Nf6 {[%clk 0:55:50]} 19. Qxd4 {[%clk 0:28:54]} Nc5
{[%clk 0:50:35]} 20. Rae1 {[%clk 0:26:56]} Bxf3 {[%clk 0:44:49]} 21. Nxf3
{[%clk 0:26:44]} Nfd7 {[%clk 0:44:08]} 22. Ba5 {[%clk 0:25:05]} Qxa5
{[%clk 0:39:41]} 23. Rxe7 {[%clk 0:24:39]} Nf6 {[%clk 0:40:07]} 24. Qxd6
{[%clk 0:20:49]} Qxa4 {[%clk 0:40:17]} 25. Qxc5 {[%clk 0:17:43]} Qxa2
{[%clk 0:40:40]} 26. c4 {[%clk 0:18:01]} Qc2 {[%clk 0:37:57]} 27. Rfe1
{[%clk 0:18:01]} a5 {[%clk 0:36:18]} 28. h3 {[%clk 0:16:52]} a4 {[%clk 0:35:44]}
29. Ng5 {[%clk 0:12:50]} a3 {[%clk 0:27:22]} 30. Ne6 {[%clk 0:12:00]} Rg8
{[%clk 0:19:14]} 31. Ng5 {[%clk 0:07:33]} h6 {[%clk 0:14:47]} 32. Nf7+
{[%clk 0:07:39]} Kh7 {[%clk 0:15:16]} 33. R7e2 {[%clk 0:07:44]} Qg6
{[%clk 0:13:47]} 34. Ne5 {[%clk 0:06:33]} Qh5 {[%clk 0:11:53]} 35. Ra2
{[%clk 0:06:30]} Rge8 {[%clk 0:11:49]} 36. f4 {[%clk 0:06:13]} Qf5
{[%clk 0:11:12]} 37. Rxa3 {[%clk 0:05:28]} Rxa3 {[%clk 0:10:11]} 38. Qxa3
{[%clk 0:05:55]} Qxf4 {[%clk 0:10:23]} 39. Qd3+ {[%clk 0:05:52]} Kg8
{[%clk 0:10:50]} 40. Nf3 {[%clk 0:05:41]} Rxe1+ {[%clk 0:09:25]} 41. Nxe1
{[%clk 0:06:09]} Ne4 {[%clk 0:08:29]} 1/2-1/2

[Event "1SM"]
[Site "Sharjah Chess Club"]
[Date "2017.03.29"]
[Round "7.5"]
[White "Wojtaszek, Radoslaw"]
[Black "Bok, Benjamin"]
[Result "1-0"]
[BlackElo "2596"]
[WhiteElo "2745"]
[LiveChessVersion "1.4.8"]

1. d4 {[%clk 1:40:27]} Nf6 {[%clk 1:40:22]} 2. Nf3 {[%clk 1:40:52]} g6
{[%clk 1:40:35]} 3. e3 {[%clk 1:41:17]} Bg7 {[%clk 1:40:51]} 4. Be2
{[%clk 1:41:40]} O-O {[%clk 1:41:12]} 5. O-O {[%clk 1:42:05]} d5 {[%clk 1:37:39]}
6. b4 {[%clk 1:42:18]} Bf5 {[%clk 1:35:47]} 7. Bb2 {[%clk 1:35:17]} a5
{[%clk 1:16:05]} 8. b5 {[%clk 1:35:24]} c5 {[%clk 1:16:01]} 9. c4
{[%clk 1:30:47]} Nbd7 {[%clk 0:57:51]} 10. Nbd2 {[%clk 1:27:06]} cxd4
{[%clk 0:56:35]} 11. Nxd4 {[%clk 1:26:51]} Nc5 {[%clk 0:56:37]} 12. Nxf5
{[%clk 1:14:10]} gxf5 {[%clk 0:57:05]} 13. Qc2 {[%clk 1:14:35]} e6
{[%clk 0:38:17]} 14. cxd5 {[%clk 1:03:54]} Qxd5 {[%clk 0:38:40]} 15. Rfd1
{[%clk 0:49:59]} Nce4 {[%clk 0:34:30]} 16. Nb3 {[%clk 0:47:22]} a4
{[%clk 0:28:15]} 17. Rxd5 {[%clk 0:47:44]} axb3 {[%clk 0:28:44]} 18. Qxb3
{[%clk 0:48:05]} Nxd5 {[%clk 0:29:12]} 19. Bxg7 {[%clk 0:48:19]} Kxg7
{[%clk 0:29:41]} 20. Bf3 {[%clk 0:48:17]} Rfc8 {[%clk 0:19:30]} 21. g4
{[%clk 0:47:22]} Ndc3 {[%clk 0:08:42]} 22. Bxe4 {[%clk 0:46:46]} fxe4
{[%clk 0:08:46]} 23. a4 {[%clk 0:45:48]} h5 {[%clk 0:08:25]} 24. gxh5
{[%clk 0:45:04]} Kh6 {[%clk 0:08:24]} 25. Qb4 {[%clk 0:44:31]} Kxh5
{[%clk 0:02:03]} 26. Qe7 {[%clk 0:44:45]} Kg6 {[%clk 0:01:42]} 27. Kh1
{[%clk 0:44:16]} Ne2 {[%clk 0:01:41]} 28. Qxb7 {[%clk 0:44:20]} f5
{[%clk 0:01:31]} 29. Qd7 {[%clk 0:44:31]} Rc2 {[%clk 0:00:33]} 30. Qxe6+
{[%clk 0:44:37]} Kg5 {[%clk 0:00:36]} 31. b6 {[%clk 0:43:21]} 1-0

[Event "1SM"]
[Site "Sharjah Chess Club"]
[Date "2017.03.29"]
[Round "7.6"]
[White "Kryvoruchko, Yuriy"]
[Black "Svane, Rasmus"]
[Result "1-0"]
[BlackElo "2570"]
[WhiteElo "2708"]
[LiveChessVersion "1.4.8"]

1. e4 {[%clk 1:40:27]} c6 {[%clk 1:40:24]} 2. d4 {[%clk 1:40:44]} d5
{[%clk 1:40:50]} 3. e5 {[%clk 1:41:05]} Bf5 {[%clk 1:41:16]} 4. Nf3
{[%clk 1:41:27]} e6 {[%clk 1:41:41]} 5. Be2 {[%clk 1:41:42]} Ne7 {[%clk 1:41:20]}
6. c3 {[%clk 1:40:34]} Bg6 {[%clk 1:33:34]} 7. O-O {[%clk 1:40:26]} Nf5
{[%clk 1:31:13]} 8. Nbd2 {[%clk 1:35:58]} Nd7 {[%clk 1:19:29]} 9. a4
{[%clk 1:20:13]} a5 {[%clk 0:57:54]} 10. Nb3 {[%clk 1:19:56]} h5 {[%clk 0:50:38]}
11. Ng5 {[%clk 1:05:49]} h4 {[%clk 0:46:27]} 12. Nh3 {[%clk 1:05:42]} Be7
{[%clk 0:37:39]} 13. Nf4 {[%clk 1:05:35]} Bh7 {[%clk 0:36:55]} 14. Bd3
{[%clk 1:03:02]} Qc7 {[%clk 0:32:18]} 15. Qh5 {[%clk 0:57:55]} g6
{[%clk 0:30:35]} 16. Qe2 {[%clk 0:58:13]} O-O-O {[%clk 0:25:09]} 17. Bxf5
{[%clk 0:48:21]} exf5 {[%clk 0:23:53]} 18. e6 {[%clk 0:48:41]} Nf8
{[%clk 0:22:51]} 19. exf7 {[%clk 0:49:01]} Bd6 {[%clk 0:16:08]} 20. Nh3
{[%clk 0:45:31]} Qxf7 {[%clk 0:15:09]} 21. Re1 {[%clk 0:45:53]} Nd7
{[%clk 0:14:05]} 22. Ng5 {[%clk 0:44:04]} Qf6 {[%clk 0:13:11]} 23. Nxa5
{[%clk 0:39:20]} f4 {[%clk 0:10:43]} 24. Qg4 {[%clk 0:39:19]} Bg8
{[%clk 0:10:48]} 25. Bd2 {[%clk 0:39:30]} h3 {[%clk 0:07:38]} 26. g3
{[%clk 0:37:00]} Bc7 {[%clk 0:04:25]} 27. Nb3 {[%clk 0:36:54]} fxg3
{[%clk 0:03:19]} 28. fxg3 {[%clk 0:37:19]} Qf5 {[%clk 0:03:31]} 29. Qxf5
{[%clk 0:37:31]} gxf5 {[%clk 0:03:59]} 30. a5 {[%clk 0:33:00]} f4
{[%clk 0:03:45]} 31. Bxf4 {[%clk 0:32:32]} Bxf4 {[%clk 0:04:10]} 32. gxf4
{[%clk 0:32:56]} Rf8 {[%clk 0:03:46]} 33. Re3 {[%clk 0:26:39]} Rxf4
{[%clk 0:02:44]} 34. Rxh3 {[%clk 0:26:58]} Rxh3 {[%clk 0:02:52]} 35. Nxh3
{[%clk 0:27:24]} Rh4 {[%clk 0:02:42]} 36. Re1 {[%clk 0:26:14]} Nf6
{[%clk 0:01:41]} 37. Nf2 {[%clk 0:26:27]} Ne4 {[%clk 0:01:00]} 38. Nxe4
{[%clk 0:25:55]} dxe4 {[%clk 0:01:25]} 39. Nd2 {[%clk 0:26:17]} Bd5
{[%clk 0:01:15]} 40. Re3 {[%clk 0:26:37]} Rg4+ {[%clk 0:01:38]} 41. Kf2
{[%clk 0:27:02]} c5 {[%clk 0:01:28]} 42. dxc5 {[%clk 0:27:22]} Kc7
{[%clk 0:01:14]} 43. c4 {[%clk 0:27:39]} Bc6 {[%clk 0:01:33]} 44. b4
{[%clk 0:28:02]} 1-0

[Event "1SM"]
[Site "Sharjah Chess Club"]
[Date "2017.03.29"]
[Round "7.7"]
[White "Naiditsch, Arkadij"]
[Black "Idani, Pouya"]
[Result "1-0"]
[BlackElo "2576"]
[WhiteElo "2702"]
[LiveChessVersion "1.4.8"]

1. d4 {[%clk 1:40:25]} Nf6 {[%clk 1:40:24]} 2. Nf3 {[%clk 1:40:48]} d5
{[%clk 1:40:51]} 3. Bf4 {[%clk 1:40:54]} c5 {[%clk 1:41:15]} 4. e3
{[%clk 1:40:41]} Nc6 {[%clk 1:41:40]} 5. Nbd2 {[%clk 1:40:28]} cxd4
{[%clk 1:39:52]} 6. exd4 {[%clk 1:40:50]} Bf5 {[%clk 1:40:20]} 7. c3
{[%clk 1:38:47]} a6 {[%clk 1:40:35]} 8. Ne5 {[%clk 1:35:41]} Nxe5
{[%clk 1:40:46]} 9. dxe5 {[%clk 1:35:38]} Nd7 {[%clk 1:40:54]} 10. g4
{[%clk 1:30:49]} Bg6 {[%clk 1:40:09]} 11. h4 {[%clk 1:30:30]} h5 {[%clk 1:34:38]}
12. e6 {[%clk 1:29:05]} fxe6 {[%clk 1:35:04]} 13. Nf3 {[%clk 1:27:21]} hxg4
{[%clk 1:18:09]} 14. Bd3 {[%clk 1:25:44]} Bh5 {[%clk 1:18:34]} 15. Qc2
{[%clk 1:18:58]} Qb6 {[%clk 1:01:12]} 16. Bg6+ {[%clk 1:18:49]} Kd8
{[%clk 1:01:37]} 17. Ng5 {[%clk 1:17:09]} Kc8 {[%clk 1:02:03]} 18. Nf7
{[%clk 1:09:29]} Bxg6 {[%clk 1:02:21]} 19. Qxg6 {[%clk 1:09:51]} Rg8
{[%clk 1:02:28]} 20. Ng5 {[%clk 0:46:27]} e5 {[%clk 0:57:46]} 21. Qf7
{[%clk 0:39:03]} Rh8 {[%clk 0:51:47]} 22. Bg3 {[%clk 0:24:15]} Rh6
{[%clk 0:49:10]} 23. O-O-O {[%clk 0:15:16]} e6 {[%clk 0:45:50]} 24. Bxe5
{[%clk 0:14:34]} Nxe5 {[%clk 0:45:24]} 25. Qxf8+ {[%clk 0:14:56]} Qd8
{[%clk 0:45:50]} 26. Qxg7 {[%clk 0:14:58]} Qf6 {[%clk 0:44:32]} 27. Qg8+
{[%clk 0:13:44]} 1-0

[Event "1SM"]
[Site "Sharjah Chess Club"]
[Date "2017.03.29"]
[Round "7.8"]
[White "Adly, Ahmed"]
[Black "Areshchenko, Alexander"]
[Result "1/2-1/2"]
[BlackElo "2682"]
[WhiteElo "2593"]
[LiveChessVersion "1.4.8"]

1. d4 {[%clk 1:40:25]} Nf6 {[%clk 1:40:26]} 2. Nf3 {[%clk 1:40:50]} g6
{[%clk 1:40:50]} 3. g3 {[%clk 1:41:14]} Bg7 {[%clk 1:41:12]} 4. c4
{[%clk 1:41:40]} c6 {[%clk 1:41:30]} 5. Bg2 {[%clk 1:42:05]} d5 {[%clk 1:41:55]}
6. cxd5 {[%clk 1:42:31]} cxd5 {[%clk 1:42:22]} 7. O-O {[%clk 1:42:54]} O-O
{[%clk 1:42:24]} 8. Nc3 {[%clk 1:43:20]} Ne4 {[%clk 1:42:42]} 9. Ng5
{[%clk 1:43:46]} Nf6 {[%clk 1:42:55]} 10. Nf3 {[%clk 1:44:13]} Ne4
{[%clk 1:43:15]} 11. Ng5 {[%clk 1:44:35]} Nf6 {[%clk 1:43:40]} 1/2-1/2

[Event "1SM"]
[Site "Sharjah Chess Club"]
[Date "2017.03.29"]
[Round "7.9"]
[White "Jones, Gawain C B"]
[Black "Xu, Yinglun"]
[Result "0-1"]
[BlackElo "2540"]
[WhiteElo "2676"]
[LiveChessVersion "1.4.8"]

1. e4 {[%clk 1:37:53]} c5 {[%clk 1:40:17]} 2. Nf3 {[%clk 1:38:09]} d6
{[%clk 1:40:34]} 3. d4 {[%clk 1:38:32]} cxd4 {[%clk 1:40:52]} 4. Nxd4
{[%clk 1:38:55]} Nf6 {[%clk 1:41:15]} 5. Nc3 {[%clk 1:39:21]} a6 {[%clk 1:41:38]}
6. Be3 {[%clk 1:39:45]} e6 {[%clk 1:41:43]} 7. Qf3 {[%clk 1:39:57]} Nc6
{[%clk 1:32:55]} 8. O-O-O {[%clk 1:39:47]} Qc7 {[%clk 1:31:18]} 9. Nxc6
{[%clk 1:39:06]} bxc6 {[%clk 1:24:39]} 10. Qg3 {[%clk 1:28:36]} Rb8
{[%clk 1:19:13]} 11. Kb1 {[%clk 1:24:34]} Be7 {[%clk 0:55:41]} 12. f3
{[%clk 1:23:02]} O-O {[%clk 0:52:10]} 13. Bc1 {[%clk 1:22:30]} e5
{[%clk 0:46:04]} 14. Bc4 {[%clk 1:13:19]} a5 {[%clk 0:46:17]} 15. h4
{[%clk 1:08:42]} Kh8 {[%clk 0:40:14]} 16. h5 {[%clk 1:06:11]} h6 {[%clk 0:39:48]}
17. Bb3 {[%clk 1:01:08]} Nd7 {[%clk 0:31:51]} 18. Na4 {[%clk 0:48:02]} Ba6
{[%clk 0:28:20]} 19. f4 {[%clk 0:43:37]} Bf6 {[%clk 0:25:44]} 20. c4
{[%clk 0:25:23]} Rfd8 {[%clk 0:18:15]} 21. Qf2 {[%clk 0:20:58]} exf4
{[%clk 0:15:29]} 22. Bxf4 {[%clk 0:21:07]} Ne5 {[%clk 0:15:35]} 23. c5
{[%clk 0:12:57]} Bb5 {[%clk 0:14:16]} 24. cxd6 {[%clk 0:12:14]} Rxd6
{[%clk 0:14:40]} 25. Rxd6 {[%clk 0:11:51]} Qxd6 {[%clk 0:15:06]} 26. Rd1
{[%clk 0:10:31]} Qb4 {[%clk 0:06:09]} 27. Nc5 {[%clk 0:09:51]} Bc4
{[%clk 0:06:08]} 28. a3 {[%clk 0:08:15]} Qb5 {[%clk 0:05:32]} 29. Bxc4
{[%clk 0:05:54]} Nxc4 {[%clk 0:03:45]} 30. b3 {[%clk 0:01:53]} Qxc5
{[%clk 0:03:11]} 31. Rd8+ {[%clk 0:01:32]} Kh7 {[%clk 0:03:09]} 32. Qxc5
{[%clk 0:01:56]} Rxb3+ {[%clk 0:03:33]} 33. Ka2 {[%clk 0:01:36]} Rb2+
{[%clk 0:03:36]} 34. Ka1 {[%clk 0:02:05]} Rb5+ {[%clk 0:03:57]} 35. e5
{[%clk 0:01:48]} Rxc5 {[%clk 0:03:35]} 36. exf6 {[%clk 0:02:16]} gxf6
{[%clk 0:04:00]} 37. g4 {[%clk 0:02:07]} Nxa3 {[%clk 0:03:33]} 38. Rc8
{[%clk 0:01:03]} Nc4 {[%clk 0:03:02]} 39. Bb8 Ne5 {[%clk 0:02:56]} 40. Bd6
{[%clk 0:01:28]} Rd5 {[%clk 0:03:13]} 41. Be7 {[%clk 0:01:34]} Nxg4
{[%clk 0:03:30]} 42. Rxc6 {[%clk 0:02:00]} Rxh5 {[%clk 0:03:56]} 43. Ra6
{[%clk 0:02:12]} Rb5 {[%clk 0:03:59]} 44. Bd8 {[%clk 0:02:26]} h5
{[%clk 0:04:23]} 45. Bxa5 {[%clk 0:02:37]} h4 {[%clk 0:04:47]} 46. Bc7
{[%clk 0:02:48]} h3 {[%clk 0:04:42]} 47. Ra4 {[%clk 0:03:14]} f5 {[%clk 0:04:02]}
48. Ra3 {[%clk 0:03:37]} h2 {[%clk 0:04:27]} 49. Rh3+ {[%clk 0:03:43]} Kg6
{[%clk 0:04:52]} 50. Bf4 {[%clk 0:03:53]} Rd5 {[%clk 0:04:57]} 51. Kb2
{[%clk 0:04:13]} Rd1 {[%clk 0:05:22]} 0-1

[Event "1SM"]
[Site "Sharjah Chess Club"]
[Date "2017.03.29"]
[Round "7.10"]
[White "Harika, Dronavalli"]
[Black "Akopian, Vladimir"]
[Result "1/2-1/2"]
[BlackElo "2675"]
[WhiteElo "2539"]
[LiveChessVersion "1.4.8"]

1. e4 {[%clk 1:40:24]} c5 {[%clk 1:38:15]} 2. Nf3 {[%clk 1:40:45]} e6
{[%clk 1:37:22]} 3. d4 {[%clk 1:40:56]} cxd4 {[%clk 1:37:48]} 4. Nxd4
{[%clk 1:41:20]} a6 {[%clk 1:38:05]} 5. Be2 {[%clk 1:41:03]} Nf6 {[%clk 1:36:35]}
6. Nc3 {[%clk 1:40:49]} Qc7 {[%clk 1:36:06]} 7. O-O {[%clk 1:38:59]} Be7
{[%clk 1:21:15]} 8. f4 {[%clk 1:33:54]} d6 {[%clk 1:21:07]} 9. Kh1
{[%clk 1:32:29]} O-O {[%clk 1:20:22]} 10. a4 {[%clk 1:31:50]} Nc6
{[%clk 1:17:41]} 11. Be3 {[%clk 1:32:04]} Re8 {[%clk 1:17:32]} 12. Bf3
{[%clk 1:31:16]} Rb8 {[%clk 1:17:28]} 13. g4 {[%clk 1:28:05]} Nxd4
{[%clk 1:15:44]} 14. Bxd4 {[%clk 1:26:20]} e5 {[%clk 1:16:08]} 15. fxe5
{[%clk 1:18:50]} dxe5 {[%clk 1:16:22]} 16. Ba7 {[%clk 1:19:11]} Ra8
{[%clk 1:16:45]} 17. g5 {[%clk 1:19:08]} Rd8 {[%clk 1:17:09]} 18. Qe2
{[%clk 1:16:10]} Ne8 {[%clk 1:17:32]} 19. Be3 {[%clk 1:14:38]} Be6
{[%clk 1:17:56]} 20. Qf2 {[%clk 1:13:15]} Qc4 {[%clk 1:17:30]} 21. Nd5
{[%clk 1:10:16]} Bxd5 {[%clk 1:16:17]} 22. exd5 {[%clk 1:08:50]} Nd6
{[%clk 1:16:26]} 23. b3 {[%clk 0:59:28]} Qc3 {[%clk 1:15:54]} 24. Ra2
{[%clk 0:57:04]} b5 {[%clk 1:07:19]} 25. Bg2 {[%clk 0:46:40]} f5 {[%clk 1:01:37]}
26. gxf6 {[%clk 0:43:23]} Bxf6 {[%clk 1:00:05]} 27. Bd2 {[%clk 0:37:24]} Qc7
{[%clk 0:57:27]} 28. axb5 {[%clk 0:34:26]} axb5 {[%clk 0:57:49]} 29. Rxa8
{[%clk 0:34:52]} Rxa8 {[%clk 0:58:14]} 30. Bb4 {[%clk 0:35:08]} Rd8
{[%clk 0:51:08]} 31. Qe2 {[%clk 0:32:56]} e4 {[%clk 0:45:16]} 32. Bxd6
{[%clk 0:17:06]} Qxd6 {[%clk 0:44:20]} 33. Qxe4 {[%clk 0:17:25]} b4
{[%clk 0:43:27]} 34. Re1 {[%clk 0:16:16]} Bc3 {[%clk 0:36:58]} 35. Qe6+
{[%clk 0:15:49]} Qxe6 {[%clk 0:37:16]} 36. Rxe6 {[%clk 0:16:14]} Kf7
{[%clk 0:37:28]} 37. Rb6 {[%clk 0:13:42]} Ke7 {[%clk 0:37:23]} 38. Re6+
{[%clk 0:13:49]} Kf7 {[%clk 0:37:41]} 39. Be4 {[%clk 0:12:43]} Re8
{[%clk 0:26:04]} 40. Rxe8 {[%clk 0:13:05]} Kxe8 {[%clk 0:26:31]} 41. Bxh7
{[%clk 0:13:23]} g5 {[%clk 0:24:12]} 42. Kg2 {[%clk 0:13:36]} Ke7
{[%clk 0:24:37]} 43. Kf3 {[%clk 0:13:39]} Kd6 {[%clk 0:25:00]} 44. Bg8
{[%clk 0:13:55]} Ke5 {[%clk 0:24:34]} 45. h3 {[%clk 0:14:16]} Bb2
{[%clk 0:23:36]} 46. Ke3 {[%clk 0:14:09]} Bd4+ {[%clk 0:23:50]} 47. Kd3
{[%clk 0:14:33]} Bc3 {[%clk 0:24:15]} 48. Kc4 {[%clk 0:14:57]} Kd6
{[%clk 0:24:39]} 49. Bh7 {[%clk 0:15:09]} Be1 {[%clk 0:25:05]} 50. Bd3
{[%clk 0:15:08]} Bc3 {[%clk 0:25:22]} 51. Be2 {[%clk 0:15:07]} Be1
{[%clk 0:25:46]} 52. Kd4 {[%clk 0:15:10]} Bc3+ {[%clk 0:26:00]} 53. Ke4
{[%clk 0:15:30]} Be1 {[%clk 0:25:06]} 54. Bf3 {[%clk 0:15:52]} Bc3
{[%clk 0:25:13]} 55. Kf5 {[%clk 0:16:16]} Bd2 {[%clk 0:25:40]} 56. Be4
{[%clk 0:16:35]} Be3 {[%clk 0:25:13]} 57. Bg2 {[%clk 0:13:20]} Ke5+ 58. Ke4+
1/2-1/2

[Event "1SM"]
[Site "Sharjah Chess Club"]
[Date "2017.03.29"]
[Round "7.11"]
[White "Iturrizaga Bonelli, Eduardo"]
[Black "Pichot, Alan"]
[Result "1/2-1/2"]
[BlackElo "2556"]
[WhiteElo "2673"]
[LiveChessVersion "1.4.8"]

1. d4 {[%clk 1:40:26]} Nf6 {[%clk 1:40:03]} 2. c4 {[%clk 1:40:46]} e6
{[%clk 1:39:58]} 3. g3 {[%clk 1:40:45]} d5 {[%clk 1:39:41]} 4. Bg2
{[%clk 1:41:08]} dxc4 {[%clk 1:39:15]} 5. Nf3 {[%clk 1:41:17]} Bb4+
{[%clk 1:39:24]} 6. Bd2 {[%clk 1:40:52]} a5 {[%clk 1:39:39]} 7. Qc2
{[%clk 1:37:27]} Bxd2+ {[%clk 1:39:31]} 8. Qxd2 {[%clk 1:33:23]} c6
{[%clk 1:30:33]} 9. a4 {[%clk 1:33:27]} b5 {[%clk 1:30:26]} 10. axb5
{[%clk 1:09:08]} cxb5 {[%clk 1:30:47]} 11. Qg5 {[%clk 1:09:20]} O-O
{[%clk 1:25:25]} 12. Qxb5 {[%clk 1:07:51]} Ba6 {[%clk 1:22:17]} 13. Qxa5
{[%clk 0:46:33]} Bb7 {[%clk 1:08:27]} 14. Qxd8 {[%clk 0:45:33]} Rxa1
{[%clk 1:07:55]} 15. Qxf8+ {[%clk 0:44:04]} Kxf8 {[%clk 1:08:19]} 16. O-O
{[%clk 0:41:55]} Ra2 {[%clk 1:08:21]} 17. Nbd2 {[%clk 0:03:40]} Bxf3
{[%clk 0:49:00]} 18. Bxf3 {[%clk 0:03:24]} c3 {[%clk 0:38:16]} 19. Nc4
{[%clk 0:03:52]} cxb2 {[%clk 0:38:39]} 20. Kg2 {[%clk 0:04:19]} Nbd7
{[%clk 0:38:50]} 21. Rb1 {[%clk 0:02:04]} Ra4 {[%clk 0:39:13]} 22. Ne5
{[%clk 0:01:16]} Rb4 {[%clk 0:38:07]} 23. Nd3 {[%clk 0:00:46]} Rxd4
{[%clk 0:38:32]} 24. Rxb2 {[%clk 0:01:01]} e5 {[%clk 0:38:54]} 25. Bb7
{[%clk 0:00:51]} e4 {[%clk 0:39:00]} 26. Nb4 {[%clk 0:00:44]} Rd1
{[%clk 0:37:06]} 27. Rc2 {[%clk 0:00:33]} g6 {[%clk 0:31:12]} 28. Bc6
{[%clk 0:00:48]} Ne5 {[%clk 0:25:04]} 29. Rc5 {[%clk 0:01:11]} e3
{[%clk 0:20:18]} 30. h3 {[%clk 0:00:37]} exf2 {[%clk 0:09:21]} 31. Kxf2
{[%clk 0:01:06]} Nxc6 {[%clk 0:09:24]} 32. Rxc6 {[%clk 0:01:34]} Ne4+
{[%clk 0:09:46]} 33. Kf3 {[%clk 0:01:25]} f5 {[%clk 0:08:59]} 34. g4
{[%clk 0:00:52]} Rf1+ {[%clk 0:01:50]} 35. Ke3 {[%clk 0:01:14]} Ng5
{[%clk 0:02:14]} 36. Rc8+ {[%clk 0:00:35]} Kg7 {[%clk 0:02:32]} 37. Rc7+
{[%clk 0:00:55]} Nf7 {[%clk 0:01:51]} 38. Nd3 {[%clk 0:00:51]} fxg4
{[%clk 0:01:55]} 39. Ke4 1/2-1/2